Linking EMS with regulation? (Record no. 72390)
[ view plain ]
| 000 -LEADER | |
|---|---|
| fixed length control field | 01123cam a2200241 4500 |
| 001 - CONTROL NUMBER | |
| control field | ABS66520 |
| 008 - FIXED-LENGTH DATA ELEMENTS--GENERAL INFORMATION | |
| fixed length control field | 030331n2003 000 0 eng u |
| 035 ## - SYSTEM CONTROL NUMBER | |
| System control number | (Sirsi) u121809 |
| 100 ## - MAIN ENTRY--PERSONAL NAME | |
| Personal name | Skea, J. |
| 245 ## - TITLE STATEMENT | |
| Title | Linking EMS with regulation? |
| 260 ## - PUBLICATION, DISTRIBUTION, ETC. | |
| Date of publication, distribution, etc. | 2003 |
| 490 ## - SERIES STATEMENT | |
| Series statement | Environment Information Bulletin |
| Volume/sequential designation | (127) March 2003, 13-16(4) |
| 520 ## - SUMMARY, ETC. | |
| Summary, etc. | Argues that if environmental management systems are to be used to streamline regulation they must supply evidence that they lead to improved environmental performance. Gives a number of examples as to how this can be assessed such as the collection and analysis of data on performance. Uses graphs to illustrate how EMS can be evaluated and links improvement to the relevant legislation, such as ISO 14001: 1996. Environmental management systems: specification with guidance for use. |
| 590 ## - LOCAL NOTE (RLIN) | |
| Local note | ABS |
| 650 ## - SUBJECT ADDED ENTRY--TOPICAL TERM | |
| Topical term or geographic name entry element | EMS |
| 650 ## - SUBJECT ADDED ENTRY--TOPICAL TERM | |
| Topical term or geographic name entry element | ENVIRONMENTAL MANAGEMENT SCHEMES |
| 650 ## - SUBJECT ADDED ENTRY--TOPICAL TERM | |
| Topical term or geographic name entry element | ISO 14001: 1996 |
| 650 ## - SUBJECT ADDED ENTRY--TOPICAL TERM | |
| Topical term or geographic name entry element | EMAS |
| 690 ## - LOCAL SUBJECT ADDED ENTRY--TOPICAL TERM (OCLC, RLIN) | |
| Topical term or geographic name as entry element | ENVIRONMENTAL AND LAND CONSULTANCY-ENVIRONMENTAL MANAGEMENT |
| 700 ## - ADDED ENTRY--PERSONAL NAME | |
| Personal name | Dahlstrom, K. |
| 700 ## - ADDED ENTRY--PERSONAL NAME | |
| Personal name | Howes, C. |
| 942 ## - ADDED ENTRY ELEMENTS (KOHA) | |
| Suppress in OPAC | 0 |
| Withdrawn status | Lost status | Source of classification or shelving scheme | Damaged status | Not for loan | Home library | Current library | Shelving location | Date acquired | Total Checkouts | Full call number | Barcode | Date last seen | Copy number | Price effective from | Koha item type |
|---|---|---|---|---|---|---|---|---|---|---|---|---|---|---|---|
| Dewey Decimal Classification | London | London | Journal article | 31/03/2003 | ABS66520 | 121809-1001 | 06/08/2019 | 1 | 06/08/2019 | Journal article |